| 000 | 00455nam a2200169Ia 4500 | ||
|---|---|---|---|
| 003 | SGT | ||
| 020 | _a97881190645157 | ||
| 082 |
_a5.73 _bPAT |
||
| 100 | _aPatel,R.B | ||
| 245 | _aExpert data structures with C | ||
| 250 | _a3rd . Ed. | ||
| 260 |
_bKhanna Books Publishing Co. Ltd. _aN. Delhi _c2009 |
||
| 300 | _a715p. | ||
| 650 | _aCOMPUTER SCINCE | ||
| 653 | _aINTRODUCTION,RECURSION,STRING MANIPULATION AND PATTERN MATCHING,ARRAYS | ||
| 942 |
_2ddc _cBK |
||
| 999 |
_c4983 _d4983 |
||